| Tag |
First Indicator |
Second Indicator |
Subfields |
| LEADER |
00000cam a2200000Ia 4500 |
| 001 |
in00002531783 |
| 005 |
20151113123653.0 |
| 008 |
091209s1941 enk 000 p eng d |
| 035 |
|
|
|a (OCoLC)ocn476353594
|
| 035 |
|
|
|a (OCoLC)476353594
|
| 040 |
|
|
|a TXA
|c TXA
|d UtOrBLW
|
| 049 |
|
|
|a TXAM
|
| 090 |
|
|
|a PR6013.W8
|b S3 1941b
|
| 100 |
1 |
|
|a Gwynn, Stephen Lucius,
|d 1864-1950.
|
| 245 |
1 |
0 |
|a Salute to valour /
|c by Stephen Gwynn.
|
| 264 |
|
1 |
|a London :
|b Constable & Co.,
|c [1941?]
|
| 300 |
|
|
|a 23 pages ;
|c 19 cm.
|
| 336 |
|
|
|a text
|b txt
|2 rdacontent
|
| 337 |
|
|
|a unmediated
|b n
|2 rdamedia
|
| 338 |
|
|
|a volume
|b nc
|2 rdacarrier
|
| 500 |
|
|
|a "Second impression."
|
| 500 |
|
|
|a "First published Jan. 1941, reprinted Mar. 1941."--Title page verso.
|
| 500 |
|
|
|a The Cushing Library/Ragan Military copy is inscribed.
|
| 500 |
|
|
|a The Cushing Library/Ragan Military copy contains a letter from the author.
|
| 651 |
|
0 |
|a Europe
|v Poetry.
|
| 650 |
|
0 |
|a World War, 1914-1918
|z Europe
|v Poetry.
|
| 948 |
|
|
|a cataloged
|b h
|c 2009/12/9
|d o
|e tchubaryan
|f 4:28:37 pm
|
| 994 |
|
|
|a C0
|b TXA
|
| 999 |
|
|
|a MARS
|
| 999 |
f |
f |
|s 474ab09e-aa43-35fc-b05e-89e64806e8c3
|i 7747eda5-bfd4-306a-98b9-d00e3d82f1ba
|t 0
|
| 952 |
f |
f |
|p noncirc
|a Texas A&M University
|b College Station
|c Cushing Memorial Library & Archives
|d Cushing: Ragan Military (Does not check out)
|t 0
|e PR6013.W8 S3 1941b
|h Library of Congress classification
|i unmediated -- volume
|
| 998 |
f |
f |
|a PR6013.W8 S3 1941b
|t 0
|l Cushing: Ragan Military (Does not check out)
|